000 02248cam a22003255i 4500
999 _c12354
_d12354
003 OSt
005 20240117100410.0
008 220805t20232023sz ade b 001 0 eng d
020 _a9783035621532
_q(English edition ;
_qhalf cloth)
020 _a3035621535
041 1 _aeng
_hger
042 _alccopycat
082 0 4 _a624.1897
_223
130 0 _aBauen mit Papier.
_lEnglish.
245 1 0 _aBuilding with paper :
_barchitecture and construction /
_cUlrich Knaack, Rebecca Bach, Samuel Schabel (eds.). ; translation into English, Usch Engelmann.
300 _a199 pages :
_billustrations (chiefly color), charts, plans ;
_c29 cm
504 _aIncludes bibliographical references and index.
505 0 _aPaper in architecture -- Material -- Semi-finished products and components -- Building construction -- Load-bearing structure, fire protection, building physics -- Case studies -- Outlook -- Facts and figures for engineers.
520 _aPaper and cardboard as sustainable building materials are currently the subject of research and testing in building practice. Properly protected from moisture and fire, the material proves to be strong and durable. This introduction explains the basics and the technology of building with cardboard and paper and shows a wide range of exciting examples. Interdisciplinary team of authors: architects, engineers and chemists Attractive international projects Numerous construction drawings illustrate details and connections of cardboard structures Paper and cardboard as sustainable building materials are currently the subject of research and testing in building practice. Properly protected from moisture and fire, the material proves to be strong and durable. This introduction explains the basics and the technology of building with cardboard and paper and shows a wide range of exciting examples.
650 0 _aBuilding papers.
650 7 _aHouse construction.
_2fast
650 7 _aPaperboard.
_2fast
700 1 _aKnaack, Ulrich,
_eeditor.
700 1 _aBach, Rebecca,
_eeditor.
700 1 _aSchabel, Samuel,
_eeditor.
700 1 _aEngelmann, Usch,
_etranslator.
776 0 8 _z9783035621396
_iGerman edition
776 0 8 _z9783035621662
_ielectronic book (general) version
942 _2ddc